| 000 | 00582nam a2200193 i 4500 | ||
|---|---|---|---|
| 001 | 92567 | ||
| 003 | ES-MaACL | ||
| 005 | 20230906181012.0 | ||
| 007 | t| | ||
| 008 | 050316s1959 sp f |||| | spa d | ||
| 245 | 0 | 3 |
_aEl libro de los engaños / _cedición de John Esten Keller. |
| 260 |
_a[Valencia] : _bCastalia, _c1959. |
||
| 300 |
_aXVII, 87 p., [1] h. de lám. ; _c23 cm. |
||
| 490 | 1 |
_aTextos antiguos españoles ; _v1 |
|
| 700 | 1 |
_aKeller, John E. _967768 |
|
| 830 | 0 |
_aTextos antiguos españoles ; _v1 _9232043 |
|
| 852 |
_aES-MaACL _jC-19163 |
||
| 999 |
_c92567 _d92567 |
||